10+ Spain Caps Since 2000 - Statistics

General Stats
  • This quiz has been taken 246 times
  • The average score is 75 of 117
Answer Stats
Debut Last Most Apps For Pos Player Cps Gls % Correct
2006 2018 Barcelona CM Andrés Iniesta 131 13
100%
2006 2018 Manchester City AM David Silva 124 34
100%
2000 2016 Real Madrid GK Iker Casillas 166
100%
2005 2021 Real Madrid CB Sergio Ramos 179 23
100%
2000 2014 Barcelona CM Xavi Hernández 132 13
100%
2000 2013 Barcelona CB Carles Puyol 99 3
99%
2003 2014 Atlético Madrid ST Fernando Torres 110 38
99%
2020 Barcelona RW Ferran Torres 40 19
99%
2019 Villarreal CB Pau Torres 23 1
99%
2008 2016 Barcelona DM Sergio Busquets 142 2
99%
2011 2023 Barcelona LB Jordi Alba 92 9
98%
2005 2017 Valencia ST David Villa 97 61
97%
2009 2018 Barcelona CB Gerard Piqué 101 5
97%
2003 2014 Real Madrid DM Xabi Alonso 113 16
97%
2014 Juventus ST Álvaro Morata 73 35
96%
2014 2020 Manchester United GK David de Gea 45
96%
1996 2006 Real Madrid SS Raúl González 73 29
96%
2010 2017 Barcelona RW Pedro Rodríguez 64 17
95%
2013 2022 Atlético Madrid CM Koke 69
94%
2018 Manchester City DM Rodri 49 3
94%
2006 2016 Arsenal CM Cesc Fàbregas 109 15
93%
2014 Real Madrid RB Dani Carvajal 43
93%
2013 Chelsea RB César Azpilicueta 43 1
92%
2021 Barcelona CM Gavi 26 4
92%
2021 Barcelona CM Pedri 20 2
91%
2011 2021 Bayern Munich CM Thiago Alcântara 46 2
91%
2013 2019 Real Madrid AM Isco 38 12
90%
2009 2016 Manchester United AM Juan Mata 40 10
90%
2009 Sevilla RM Jesús Navas 52 5
88%
2010 2014 Barcelona GK Víctor Valdés 19
88%
2019 RB Leipzig AM Dani Olmo 32 8
87%
2013 Real Sociedad CB Iñigo Martínez 21 1
87%
2010 2014 Bayern Munich DM Javi Martínez 18
87%
2016 Real Madrid RW Marco Asensio 37 2
87%
2013 Real Madrid CB Nacho Fernández 25 1
87%
2005 2017 Liverpool GK Pepe Reina 36
87%
2017 Chelsea GK Kepa Arrizabalaga 13
84%
2020 Athletic Bilbao GK Unai Simón 40
84%
2014 Valencia ST Rodrigo Moreno 28 8
83%
2022 Athletic Bilbao RW Nico Williams 13 1
82%
2007 2021 Napoli CB Raúl Albiol 58
81%
2008 2013 Real Madrid RB Álvaro Arbeloa 55
80%
2020 Barcelona CB Eric García 18
80%
2002 2007 Real Betis RW Joaquín Sánchez 51 4
80%
2005 2008 Liverpool RW Luis García 18 4
80%
2014 2018 Atlético Madrid ST Diego Costa 24 10
79%
1989 2002 Real Madrid CB Fernando Hierro 22 6
79%
2016 Real Sociedad CB Diego Llorente 10
78%
2008 2013 Athletic Bilbao ST Fernando Llorente 23 7
78%
2019 Villarreal ST Gerard Moreno 18 5
78%
2020 Atlético Madrid DM Marcos Llorente 19
78%
2009 2018 Arsenal LB Nacho Monreal 21 1
77%
2016 Celta Vigo ST Iago Aspas 20 6
76%
2016 2019 Atlético Madrid CM Saúl Ñíguez 19 3
76%
2021 Athletic Bilbao CB Aymeric Laporte 28 1
74%
2016 Real Sociedad LW Mikel Oyarzabal 30 11
74%
2008 2019 Villarreal CM Santi Cazorla 80 15
74%
2019 Napoli CM Fabián Ruiz 23 2
72%
2012 2016 Atlético Madrid RB Juanfran 22 1
72%
2000 2003 Levante LB Juanfran 11
72%
1998 2007 Real Madrid ST Fernando Morientes 35 18
71%
2020 Real Sociedad CM Mikel Merino 21 1
67%
2002 2011 Deportivo La Coruña LB Joan Capdevila 60 4
66%
2009 2013 Sevilla ST Álvaro Negredo 21 10
64%
1999 2005 Real Madrid CM Guti 12 3
63%
2006 2010 Villarreal DM Marcos Senna 28 1
61%
2007 2013 Valencia ST Roberto Soldado 12 7
61%
2014 2019 Paris Saint-Germain LB Juan Bernat 11 1
60%
2023 Real Sociedad CB Robin Le Normand 11 1
59%
2010 2017 Athletic Bilbao ST Aritz Aduriz 13 2
58%
1993 2006 Valencia GK Santiago Cañizares 25
58%
2018 Valencia LB José Gayà 22 3
57%
2005 2007 Atlético Madrid LB Antonio López 16 1
55%
1991 2002 Barcelona RM Luis Enrique 13
55%
1992 2001 Barcelona DM Pep Guardiola 15 1
55%
2016 2021 Barcelona CM Sergi Roberto 11 1
55%
2001 2005 Valencia LW Vicente Rodríguez 38 3
54%
2018 Real Madrid CM Dani Ceballos 13 1
53%
2023 Alavés ST Joselu 11 5
53%
1991 2001 Barcelona CB Abelardo Fernández 12 1
52%
2014 2016 Celta Vigo LW Nolito 16 6
49%
1998 2004 Real Madrid CB Iván Helguera 44 3
48%
1998 2006 Real Madrid RB Míchel Salgado 41
48%
2002 2011 Valencia CB Carlos Marchena 68 2
45%
2014 2019 Valencia ST Paco Alcácer 19 12
44%
2013 2018 Real Betis CB Marc Bartra 14 1
43%
2001 2005 Deportivo La Coruña CM Sergio González 11
43%
1999 2002 Valencia RM Gaizka Mendieta 31 7
41%
2019 Sevilla RW Pablo Sarabia 26 9
39%
2003 2006 Sevilla RW José Antonio Reyes 11 4
37%
2007 2010 Getafe ST Dani Güiza 21 6
35%
2021 Villarreal RW Yeremy Pino 11 2
34%
2021 Valencia CM Carlos Soler 13 4
33%
2001 2008 Valencia DM David Albelda 51
32%
2001 2003 Deportivo La Coruña ST Diego Tristán 15 4
31%
2000 2005 Valencia CM Rubén Baraja 43 7
31%
1998 2005 Deportivo La Coruña AM Juan Carlos Valerón 39 5
29%
1994 2002 Barcelona LB Sergi Barjuán 12
29%
2019 2023 Real Betis AM Sergio Canales 11 1
27%
1991 2002 Barcelona CB Miguel Ángel Nadal 15 1
24%
1999 2002 Racing Santander SS Pedro Munitis 14 1
24%
2002 2008 Real Betis CB Juanito Gutiérrez 26 3
23%
2002 2004 Real Madrid CB Raúl Bravo 14
23%
2000 2007 Espanyol ST Raúl Tamudo 13 5
22%
1997 2004 Athletic Bilbao RW Joseba Etxeberria 32 6
21%
2000 2004 Deportivo La Coruña RB Manuel Pablo 13
21%
2007 2009 Espanyol LW Albert Riera 16 4
20%
2004 2005 Athletic Bilbao LB Asier del Horno 10 2
20%
2006 2007 Atlético Madrid LB Mariano Pernía 11 1
19%
2015 2017 Sevilla LW Vitolo 12 4
18%
2002 2005 Deportivo La Coruña LW Albert Luque 17 2
17%
1996 2001 Athletic Bilbao ST Ismael Urzaiz 13 2
15%
2004 2008 Atlético Madrid CB Pablo Ibáñez 23
15%
2004 2007 Valencia RW Miguel Ángel Angulo 11
14%
2000 2004 Deportivo La Coruña LB Enrique Romero 10
12%
1995 2003 Real Sociedad LB Agustín Aranzábal 15
9%
1998 2001 Real Zaragoza CB Paco Jémez 12
3%
No matching quizzes found
Score Distribution
Percent of People with Each Score
Percentile by Number Answered
Your Score History
You have not taken this quiz